000 00375nam a2200157Ia 4500
008 240126s9999 xx 000 0 und d
041 _aEnglish
082 _a372.89 TIW;1 R
100 _aTiwari, Nanda Kishore.
245 0 _aPehle 52 saptah
260 _bLaxmi Mudranalaya
_aBangalore
300 _a178
440 _aNULL
650 _aPehle,52,saptah
942 _cPU
999 _c276505
_d276505